| 000 | 00796nam a22002177a 4500 | ||
|---|---|---|---|
| 005 | 20081022120936.0 | ||
| 008 | 081022t xxu||||| |||| 00| 0 eng d | ||
| 010 | _aENG-84310 | ||
| 020 | _a0195673867 | ||
| 020 | _c595.00 (hb) | ||
| 035 | _aEN-67843 | ||
| 082 | _a325.32 | ||
| 245 |
_aThe Great divergence : _bhegemony, uneven development, and global inequality / _cedited by Jomo K S |
||
| 260 |
_aNew Delhi _bOxford University Press |
||
| 260 | _c2006 | ||
| 300 |
_aix,262p _c22cm |
||
| 500 | _aIncludes bibliographical references and index | ||
| 700 |
_aJomo K S _ced |
||
| 942 |
_2ddc _cEN _h325.32 _mGRE |
||
| 999 |
_c17648 _d17648 |
||